| 000 | 00559nam a2200193 4500 | ||
|---|---|---|---|
| 003 | SEACOMMC | ||
| 005 | 20231018104223.0 | ||
| 008 | 231018b |||||||| |||| 00| 0 eng d | ||
| 020 | _cRs. 195.00 | ||
| 040 | _aSEACOMMC | ||
| 082 |
_a407 _bPRA |
||
| 100 | 1 | _aPrasad, Hari Mohan | |
| 245 | 1 |
_aHow to prepare for group discussion and interview _cHari Mohan Prasad and Rajnish Mohan |
|
| 250 | _a2nd ed. | ||
| 260 |
_aNew Delhi _bTata Mc Graw-Hill _c2005 |
||
| 650 |
_aLanguage _vEducation, research, related topics |
||
| 700 | 1 | _aMohan, Rajnish | |
| 942 | _cBOOK | ||
| 999 |
_c267 _d267 |
||